01408cam a22003131 45000010005000000030008000050050017000130080039000300350018000690350019000870400040001060410008001460820016001541000026001702450129001962600044003253000043003695000042004125000035004545040046004896500039005357000040005747100040006149420012006549990015006669520137006819520138008189520138009565076BD-RjUL20211208234014.0131224s1963 enka b f001 0 eng a(BD-RjUL)5112 a(OCoLC)1141622 aDLCcOAkUdOCoLCdDLCdBD-RjULbeng aeng a364.32bHAP1 aHammond, W. H.91597910aPersistent criminals :ba study of all offenders liable to preventive detention in 1956 /cby W. H. Hammond and Edna Chayen. aLondon :bH.M. Stationery Off.,cc1963. aix, 237 p. :bdiagrs., tables.c25 cm. a"A Home Office Research Unit report." aAt head of title: Home Office. aIncludes bibliography (p. 229) and index. 0aRecidivistszGreat Britain.9159811 aChayen, Edna,ejoint author.9159821 aGreat Britain.bHome Office.915983 2ddccBK c5076d5076 00102ddc40708NFICaRUCLbRUCLcstackd1966-03-10eZeitlingerg0.00l0o364.32 HAP 1963r2013-12-24 00:00:00tC-3w2021-12-08yBK 00102ddc40708NFICaRUCLbRUCLcStackd1968-01-06eZeitlingerg25.00l0o364.32 HAP 1963r2016-08-13 00:00:00tC-2w2016-08-13yBK 00102ddc40708NFICaRUCLbRUCLcStackd1968-01-06eZeitlingerg25.00l0o364.32 HAP 1963r2016-08-13 00:00:00tC-4w2021-12-08yBK